Southville International School and Colleges
Your cart is empty.
  • Cart
  • Lists
    Public lists Eva Luna New books Lux_list list_1
    Your lists Log in to create your own lists
  • Log in to your account
  • Your cookies
  • Search history
Southville International School and Colleges
  • Advanced search
  • Recent comments
  • Most popular
  • Libraries

Log in to your account

Log in with GOOGLE


If you do not have an external account, but do have a local account, you can still log in:

  1. Home
  2. MARC view: Doing and writing qualitative research. /
Normal view MARC view ISBD view

Doing and writing qualitative research. / (Record no. 22862)

[ view plain ]
MARC details
000 -LEADER
fixed length control field 00548nam a2200193 a 4500
005 - DATE AND TIME OF LATEST TRANSACTION
control field 20140310183435.0
008 - FIXED-LENGTH DATA ELEMENTS--GENERAL INFORMATION
fixed length control field 080124s19uu xx 00 eng d
020 ## - INTERNATIONAL STANDARD BOOK NUMBER
International Standard Book Number 9781412911306
050 ## - LIBRARY OF CONGRESS CALL NUMBER
Classification number H 62
Item number .H592 2007
100 ## - MAIN ENTRY--PERSONAL NAME
Personal name Holliday, Adrian
245 ## - TITLE STATEMENT
Title Doing and writing qualitative research. /
Statement of responsibility, etc Adrian Holiday
250 ## - EDITION STATEMENT
Edition statement 2nd ed.
260 ## - PUBLICATION, DISTRIBUTION, ETC. (IMPRINT)
Place of publication, distribution, etc London :
Name of publisher, distributor, etc Sage Publications,
Date of publication, distribution, etc 2007.
300 ## - PHYSICAL DESCRIPTION
Extent 199 p. :
Dimensions 23 cm.
650 ## - SUBJECT ADDED ENTRY--TOPICAL TERM
Topical term or geographic name as entry element Social Sciences
General subdivision Research.
650 ## - SUBJECT ADDED ENTRY--TOPICAL TERM
Topical term or geographic name as entry element Qualitative Resrach.
942 ## - ADDED ENTRY ELEMENTS (KOHA)
Koha item type Books
Source of classification or shelving scheme Library of Congress Classification
Call number prefix Foreign
Holdings
Withdrawn status Lost status Source of classification or shelving scheme Damaged status Home library Current library Shelving location Date acquired Source of acquisition Cost, normal purchase price Total Checkouts Total Renewals Full call number Barcode Date last seen Date checked out Copy number Price effective from Koha item type
    Library of Congress Classification   College Library College Library General Circulation Section 01/24/2008 Library Fund 3263.00 2 1 H 62 .H592 2007 C9112 06/26/2024 04/03/2024 1 10/18/2013 Books

Doing and writing qualitative research. /

APA

Holliday A., . (2007). Doing and writing qualitative research. London: Sage Publications.

Chicago

Holliday Adrian, . 2007. Doing and writing qualitative research. London: Sage Publications.

Harvard

Holliday A., . (2007). Doing and writing qualitative research. London: Sage Publications.

MLA

Holliday Adrian, . Doing and writing qualitative research. London: Sage Publications. 2007.

  • Place hold
  • Print
  • Cite
  • Add to your cart (remove)
  • Save record
    BIBTEX Dublin Core MARCXML MARC (non-Unicode/MARC-8) MARC (Unicode/UTF-8) MARC (Unicode/UTF-8, Standard) MODS (XML) RIS
  • More searches
    Search for this title in:
    Other Libraries (WorldCat) Other Databases (Google Scholar) Online Stores (Bookfinder.com) Open Library (openlibrary.org)

Exporting to Dublin Core...

SOUTHVILLE LIBRARY

Southville International School and Colleges Library

1281 Tropical Ave. Cor. Luxembourg St., BF Homes International, Las Pinas City

Tel. No. 8256374 / 252358 Loc. 117/146

Powered by Koha